Escola de Teixits de Punt : Canet de Mar Canet de Mar
Descripción Física:
1 díptic ; 22 cm
Otros Autores:
Escola de Teixits de Punt de Canet de Mar
MARC
| LEADER | 00000nam a2200000Ia 4500 | ||
|---|---|---|---|
| 001 | 22779 | ||
| 008 | 160829s9999 xx 000 0 cat d | ||
| 080 | |a RF-16-11 | ||
| 245 | |a Escola de Teixits de Punt : |b Canet de Mar | ||
| 260 | |a Barcelona : |b Generalitat de Catalunya, [1937] | ||
| 300 | |a 1 díptic ; |c 22 cm | ||
| 590 | |a Núm. de full registral: 4668. | ||
| 590 | |a Hi ha un duplicat a: DUP-73-17 | ||
| 610 | 2 | 0 | |a Escola de Teixits de Punt de Canet de Mar |9 53500 |
| 700 | |a Escola de Teixits de Punt de Canet de Mar | ||
| 710 | 1 | |a Catalunya. |b Generalitat |9 12125 | |
| 856 | 4 | |u https://media.diba.cat/diba/fitxers/arxiu/fulletons/bib_22779_1937_baixa.pdf |y Accés lliure | |
| 856 | 4 | |u https://media.diba.cat/diba/fitxers/arxiu/fulletons/bib_22779_1937_baixa.pdf |y Accés lliure | |
| 901 | |a Arxiu | ||
| 942 | |n 1 |2 udc | ||
| 952 | |0 0 |1 0 |4 0 |6 RF1611 |7 1 |9 52579 |a Arxiu |b Arxiu |d 2016-12-01 |l 0 |o RF-16-11 |p 22779 |r 2016-12-01 00:00:00 |w 2016-12-01 |y ARXIU | ||
| 999 | |c 56428 |d 56428 | ||
| 900 | |a bib_22779_1937_baixa.pdf | ||